Case studies, talk sheets & discussion starters/ (Record no. 7069)

MARC details
000 -LEADER
fixed length control field 00773nam a22002297a 4500
003 - CONTROL NUMBER IDENTIFIER
control field GBCCL
005 - DATE AND TIME OF LATEST TRANSACTION
control field 20241126110618.0
008 - FIXED-LENGTH DATA ELEMENTS--GENERAL INFORMATION
fixed length control field 180706b ||||| |||| 00| 0 eng d
020 ## - INTERNATIONAL STANDARD BOOK NUMBER
International Standard Book Number 0830718842
020 ## - INTERNATIONAL STANDARD BOOK NUMBER
International Standard Book Number 9780830718849
040 ## - CATALOGING SOURCE
Transcribing agency GBC
082 ## - DEWEY DECIMAL CLASSIFICATION NUMBER
Classification number 268.433
Item number FRE
245 ## - TITLE STATEMENT
Title Case studies, talk sheets & discussion starters/
Statement of responsibility, etc. Mark Simone; Jim Burns
260 ## - PUBLICATION, DISTRIBUTION, ETC.
Place of publication, distribution, etc. [U.S.] :
Name of publisher, distributor, etc. Gospel Light,
Date of publication, distribution, etc. ©1997.
300 ## - PHYSICAL DESCRIPTION
Extent 125 pages : illustrations ;
Dimensions 29 cm
440 ## - SERIES STATEMENT/ADDED ENTRY--TITLE
Title Fresh ideas series, v. 2.
9 (RLIN) 12517
505 ## - FORMATTED CONTENTS NOTE
Formatted contents note Includes index.<br/>"Poppin' fresh resources for youth workers!"
650 ## - SUBJECT ADDED ENTRY--TOPICAL TERM
Topical term or geographic name entry element Teenagers -- Religious life.
9 (RLIN) 6502
650 ## - SUBJECT ADDED ENTRY--TOPICAL TERM
Topical term or geographic name entry element Christian education -- Activity programs.
9 (RLIN) 10231
650 ## - SUBJECT ADDED ENTRY--TOPICAL TERM
Topical term or geographic name entry element Teenagers -- Conduct of life.
9 (RLIN) 12518
942 ## - ADDED ENTRY ELEMENTS (KOHA)
Source of classification or shelving scheme Dewey Decimal Classification
Koha item type Books
Holdings
Withdrawn status Lost status Source of classification or shelving scheme Damaged status Not for loan Home library Current Library Shelving location Date acquired Total checkouts Full call number Barcode Date last seen Copy number Price effective from Koha item type
    Dewey Decimal Classification     GRACE BIBLE COLLEGE GRACE BIBLE COLLEGE Ministry & Mission 2018-07-06   268.433 FRE 009161 2025-05-01 v.2 c.1 2018-07-06 Books
    Dewey Decimal Classification     GRACE BIBLE COLLEGE GRACE BIBLE COLLEGE Ministry & Mission 2018-07-06   268.433 FRE 009435 2025-05-01 v.2 c.2 2018-07-06 Books
    Dewey Decimal Classification     GRACE BIBLE COLLEGE GRACE BIBLE COLLEGE Ministry & Mission 2018-07-06   268.433 FRE 009614 2025-05-01 v.2 c.3 2018-07-06 Books
    Dewey Decimal Classification     GRACE BIBLE COLLEGE GRACE BIBLE COLLEGE Ministry & Mission 2018-07-06   268.433 FRE 009615 2025-05-01 v.2 c.4 2018-07-06 Books
    Dewey Decimal Classification     GRACE BIBLE COLLEGE GRACE BIBLE COLLEGE Ministry & Mission 2018-07-06   268.433 FRE 009618 2025-05-01 v.2 c.5 2018-07-06 Books
    Dewey Decimal Classification     GRACE BIBLE COLLEGE GRACE BIBLE COLLEGE Ministry & Mission 2018-07-06   268.433 FRE 009623 2025-05-01 v.2 c.6 2018-07-06 Books
    Dewey Decimal Classification     GRACE BIBLE COLLEGE GRACE BIBLE COLLEGE Ministry & Mission 2018-07-06   268.433 FRE 009624 2025-05-01 v.2 c.7 2018-07-06 Books
    Dewey Decimal Classification     GRACE BIBLE COLLEGE GRACE BIBLE COLLEGE Ministry & Mission 2018-07-06   268.433 FRE 009644 2025-05-01 v.2 c.8 2018-07-06 Books
© Grace Bible College Library 2025